Estadística aplicada /

Guardado en:
Autor Principal: Sylvester, Gerardo A
Formato: Libro
Publicado: Bah¡a Blanca : Grupo de estudio-trabajo Carlos Dieulefait, 1981
Materias:
Etiquetas: Agregar Etiqueta
Sin Etiquetas, Sea el primero en etiquetar este registro!
LEADER 01264nam a22002775a 4500
001 CEM.cems006114
005 20080819170831.0
008 130507s1981##################000#0#####d
003 CEMS
082 0 4 |a 311.2 
100 1 |a Sylvester, Gerardo A 
245 1 0 |a Estadística aplicada / 
260 |a Bah¡a Blanca :  |b Grupo de estudio-trabajo Carlos Dieulefait,  |c 1981 
300 |a 201 p. 
653 |a Estadistica matematica 
653 |a Metodos estadisticos 
859 |a CEMS  |b BIB. CEMS - 11 de abril  |h 311.2  |i Sy57  |p 11220.82  |t Ej.1  |v II  |3 II 
859 |a CEMS  |b BIB. CEMS - 11 de abril  |h 311.2  |i Sy57  |p 11221.82  |t Ej.2  |v II  |3 II 
859 |a CEMS  |b BIB. CEMS - 11 de abril  |h 311.2  |i Sy57  |p 11223.82  |t Ej.3  |v II  |3 II 
859 |a CEMS  |b BIB. CEMS - 11 de abril  |h 311.2  |i Sy57  |p 11224.82  |t Ej.4  |v II  |3 II 
859 |a CEMS  |b BIB. CEMS - 11 de abril  |h 311.2  |i Sy57  |p 11225.82  |t Ej.5  |v II  |3 II 
859 |a CEMS  |b BIB. CEMS - 11 de abril  |h 311.2  |i Sy57  |p 11226.82  |t Ej.6  |v II  |3 II 
859 |a CEMS  |b BIB. CEMS - 11 de abril  |h 311.2  |i Sy57  |p 11227.82  |t Ej.7  |v II  |3 II 
859 |a CEMS  |b BIB. CEMS - 11 de abril  |h 311.2  |i Sy57  |p 11228.82  |t Ej.8  |v II  |3 II 
859 |a CEMS  |b BIB. CEMS - 11 de abril  |h 311.2  |i Sy57  |p 11229.82  |t Ej.9  |v II  |3 II 
859 |a CEMS  |b BIB. CEMS - 11 de abril  |h 311.2  |i Sy57  |p 11548.82  |t Ej.10  |v II  |3 II